| 000 | 00000nam 2200000za 4500 |
| 001 | 9.828687 |
| 003 | CaOODSP |
| 005 | 20250303104653 |
| 007 | cr ||||||||||| |
| 008 | 161206s1931 oncao|| o f000 0 eng d |
| 040 | |aCaOODSP|beng |
| 043 | |an-cn--- |
| 086 | 1 |aA12-2/142-1931E-PDF |
| 100 | 1 |aMacoun, W. T. |q(William Tyrrell), |d1869-1933. |
| 245 | 10|aHedges and their uses, with notes on trees and shrubs tested for hedge purposes at the Central Experimental Farm, Ottawa, and lists of best hedges at the Branch Experimental Stations |h[electronic resource] / |cby W.T. Macoun. |
| 260 | |aOttawa : |bDept. of Agriculture : |bDivision of Horticulture, Dominion Experimental Farms, |c1931. |
| 300 | |a44 p. : |bill. |
| 490 | 1 |aBulletin, New series ; |vno. 142 |
| 500 | |aCover title. |
| 500 | |aHistorical publication digitized 2013 by Internet Archives [for Agriculture and Agri-Food Canada]. |
| 500 | |aIssued also in French under title: Les haies et leurs emplois : avec notes sur les arbres et les arbustes essayés pour la formation des haies à la Ferme expérimentale centrale, Ottawa, et liste des meilleures haies sur les Stations expérimentales fédérales annexes. |
| 520 | |aDescribes why hedges should be planted; the planting and care of hedges; best deciduous tress and shrubs; best evergreen trees and shrubs for hedges; good hedges with attractive foliage; hedges with conspicuous foliage in summer; hedges with conspicuous bark in winter; hedges for shady places; hedges to stop children or animals; quick growing screens; flowering hedges; windbreaks. |
| 692 | 07|2gccst|aHorticulture |
| 692 | 07|2gccst|aTrees |
| 710 | 1 |aCanada. |bDepartment of Agriculture. |
| 710 | 2 |aDominion Experimental Farms and Stations (Canada) |
| 775 | 08|tLes haies et leurs emplois : |w(CaOODSP)9.905988 |
| 830 | #0|aBulletin (Canada. Department of Agriculture)|vno. 142|w(CaOODSP)9.812039 |
| 856 | 40|qPDF|s6.46 MB|uhttps://publications.gc.ca/collections/collection_2016/aac-aafc/agrhist/A12-2-142-1931-eng.pdf |